00513nam a22001577a 450000500170000001000150001702000260003203500140005803700090007208200080008110000150008924500740010426000440017827001130022230000200033520220321124211.0 aENG-132036 a9789385471551c130.00 aEN-115568 bDBAD a485 aRaju, C.S. aEnrich Your English:bA Practical Guide To Enrich English/cC.S. Raju aChennaibUnique Media Integratorsc2014 aNo. 8, 6th Cross, 8th Main Road, Vaishanavi Nagar, ThirmullaivoyalbChennaie600109mumi.infobooks@gmail.com a160pc21cm(pbk)